Semiótica del arte y lde la arquitectura (Record no. 12992)

MARC details
000 -CABECERA
campo de control de longitud fija 00809nam a2200277 4500
003 - IDENTIFICADOR DEL NÚMERO DE CONTROL
campo de control OSt
005 - FECHA Y HORA DE LA ÚLTIMA TRANSACCIÓN
campo de control 20260530115304.0
008 - DATOS DE LONGITUD FIJA--INFORMACIÓN GENERAL
campo de control de longitud fija 260506b1983 |||||||| |||| 00| 0 spa d
040 ## - FUENTE DE LA CATALOGACIÓN
Centro catalogador/agencia de origen ICI
Lengua de catalogación spa
Centro/agencia transcriptor ICI
050 ## - SIGNATURA TOPOGRÁFICA DE LA BIBLIOTECA DEL CONGRESO
Número de clasificación NX165
Número de documento/Ítem P5318
100 1# - ENTRADA PRINCIPAL--NOMBRE DE PERSONA
Nombre de persona Decio Pignatari
Fechas asociadas al nombre autor
9 (RLIN) 31652
240 10 - TÍTULO UNIFORME
Título uniforme Semiotica da arte e da arqutectura
Lenguaje de la obra Español
245 10 - MENCIÓN DE TÍTULO
Título Semiótica del arte y lde la arquitectura
264 1# - PRODUCCIÓN, PUBLICACIÓN, DISTRIBUCIÓN, FABRICACIÓN Y COPYRIGHT
Producción, publicación, distribución, fabricación y copyright Gustavo Gili Barcelona
Nombre del de productor, editor, distribuidor, fabricante 1983
300 ## - DESCRIPCIÓN FÍSICA
Extensión 152 páginas
336 ## - TIPO DE CONTENIDO
Término de tipo de contenido texto
Fuente rdacontent
337 ## - TIPO DE MEDIO
Nombre/término del tipo de medio sin medio
Fuente rdamedia
338 ## - TIPO DE SOPORTE
Nombre/término del tipo de soporte volumen
Fuente rdacarrier
490 00 - MENCIÓN DE SERIE
Mención de serie Colección punto y línea
650 4# - PUNTO DE ACCESO ADICIONAL DE MATERIA--TÉRMINO DE MATERIA
Término de materia o nombre geográfico como elemento de entrada Arte
Subdivisión general Psicología
650 4# - PUNTO DE ACCESO ADICIONAL DE MATERIA--TÉRMINO DE MATERIA
Término de materia o nombre geográfico como elemento de entrada Arquitectura
9 (RLIN) 5213
650 4# - PUNTO DE ACCESO ADICIONAL DE MATERIA--TÉRMINO DE MATERIA
Término de materia o nombre geográfico como elemento de entrada Semiótica
700 1# - PUNTO DE ACCESO ADICIONAL--NOMBRE DE PERSONA
Nombre de persona Losada, Basilio,
Término indicativo de función/relación traductor
9 (RLIN) 31655
700 1# - PUNTO DE ACCESO ADICIONAL--NOMBRE DE PERSONA
Nombre de persona Pignatari, Décio,
942 ## - ELEMENTOS DE PUNTO DE ACCESO ADICIONAL (KOHA)
Fuente del sistema de clasificación o colocación Library of Congress Classification
Tipo de ítem Koha
Suprimir en OPAC 1

No items available.